More homes, better houses, prettier streets (Record no. 81263)
[ view plain ]
| 000 -LEADER | |
|---|---|
| fixed length control field | 00926cab a22002055a 4500 |
| 001 - CONTROL NUMBER | |
| control field | L146718 |
| 008 - FIXED-LENGTH DATA ELEMENTS--GENERAL INFORMATION | |
| fixed length control field | 090219s2009 xxko f 000 0 eng d |
| 035 ## - SYSTEM CONTROL NUMBER | |
| System control number | (Sirsi) u146718 |
| 041 0# - LANGUAGE CODE | |
| Language code of text/sound track or separate title | eng |
| 100 1# - MAIN ENTRY--PERSONAL NAME | |
| Personal name | Hardy, Dennis |
| 245 00 - TITLE STATEMENT | |
| Title | More homes, better houses, prettier streets |
| 260 ## - PUBLICATION, DISTRIBUTION, ETC. | |
| Date of publication, distribution, etc. | 2009 |
| 490 ## - SERIES STATEMENT | |
| Series statement | Town & Country Planning |
| Volume/sequential designation | 78(1) January 2009, 22-26(5) |
| 520 ## - SUMMARY, ETC. | |
| Summary, etc. | Article makes use of the Hansard record of Parliamentary debate to explore the reactions of politicians to the first planning act in the UK - the Housing, Town Planning, etc. Act 1909. Discusses areas where politicians agreed, matters such as valuation and ownership which were understandably more contentious and how this Act aided the development of future planning legislation. |
| 590 ## - LOCAL NOTE (RLIN) | |
| Local note | KA |
| 650 24 - SUBJECT ADDED ENTRY--TOPICAL TERM | |
| Topical term or geographic name entry element | HOUSING TOWN PLANNING ETC ACT 1909 |
| 651 #4 - SUBJECT ADDED ENTRY--GEOGRAPHIC NAME | |
| Geographic name | United Kingdom |
| Chronological subdivision | |
| 690 ## - LOCAL SUBJECT ADDED ENTRY--TOPICAL TERM (OCLC, RLIN) | |
| Topical term or geographic name as entry element | Planning and development |
| 9 (RLIN) | 6259 |
| 942 ## - ADDED ENTRY ELEMENTS (KOHA) | |
| Suppress in OPAC | 0 |
| Withdrawn status | Lost status | Source of classification or shelving scheme | Damaged status | Not for loan | Home library | Current library | Shelving location | Date acquired | Total Checkouts | Full call number | Barcode | Date last seen | Copy number | Price effective from | Koha item type |
|---|---|---|---|---|---|---|---|---|---|---|---|---|---|---|---|
| Dewey Decimal Classification | London | London | Journal article | 19/02/2009 | L146718 | 146718-1001 | 06/08/2019 | 1 | 06/08/2019 | Journal article |